| 000 | 00954nas a2200289 4500 | ||
|---|---|---|---|
| 001 | BR9211675 | ||
| 003 | BR-BrBNA | ||
| 005 | 20231205093516.0 | ||
| 007 | ta | ||
| 008 | 230509b bl.|||p| |||| 00| 00por d | ||
| 040 |
_aBR-BrBNA _bpor _cBiblioteca Nacional de Agricultura |
||
| 041 | _a(Pt) | ||
| 072 | _aF01 | ||
| 100 | 1 | _aMartins, P.F. da S. | |
| 100 | 1 | _aVolkoff, B. | |
| 100 | 1 | _aCerri, C.C. | |
| 100 | 1 | _aAndreux, F. | |
| 245 | 1 | _aConsequencias do cultivo e do pousio sobre a materia organica do solo sob floresta natural na Amazonia oriental | |
| 246 | 1 | _a[Differents condition of soil use on the organic matter at the natural forest in the Amazon, Brazil] | |
| 650 | _aCULTIVO DO SOLO | ||
| 650 | _aPOUSIO | ||
| 650 | _aMATERIA ORGANICA | ||
| 650 | _aAMAZONIA | ||
| 773 | 0 |
_tActa Amazonica (Brazil) _xISSN 0044-5967 _g(Mar-Dec 1990), v. 20 p. 19-28 _wBR9211675 |
|
| 909 |
_a202311 _bLúcia _c55 _dLúcia Elande |
||
| 942 |
_2AGRIS _n0 _cANA |
||
| 999 |
_c138876 _d138876 |
||